| 000 | 00479nam a2200193Ia 4500 | ||
|---|---|---|---|
| 005 | 20240823050136.0 | ||
| 008 | 240823s9999||||xx |||||||||||||| ||und|| | ||
| 020 | _a978-81-224-2025-8 | ||
| 041 | _aENGLISH | ||
| 082 | _A547 Q2 | ||
| 100 | _aRaj K Bansal | ||
| 245 | 2 | _aA Textbook of Organic Chemistry | |
| 250 | _a5th | ||
| 260 |
_c2012 _bNew Age International (P _aNew Delhi |
||
| 500 | _aTRANSFERED | ||
| 650 |
_aChemistry _bChemistry |
||
| 942 | _cBK | ||
| 999 |
_c216573 _d216573 |
||